Statistics for dorothea - Taylor Swift (All Lyrics)

Click here to take the quiz!

General Stats

  • This quiz has been taken 531 times
  • The average score is 192 of 228

Answer Stats

Answer% Correct
A
99%
a
99%
And
99%
and
99%
do
99%
Dorothea
99%
ever
99%
me
99%
you
99%
You
99%
about
98%
Hey
98%
I
98%
think
98%
stop
97%
The
97%
the
97%
we
97%
When
97%
of
94%
to
94%
were
94%
in
93%
your
92%
be
89%
for
89%
it
89%
know
88%
always
87%
But
87%
but
87%
on
87%
younger
87%
go
86%
who
86%
Oh
85%
was
85%
you'll
85%
you're
85%
that
84%
if
83%
my
82%
never
82%
see
82%
ya
82%
all
81%
same
81%
down
80%
got
80%
is
80%
it's
80%
It's
80%
magazines
80%
now
80%
park
80%
place
80%
town
80%
as
79%
known
79%
tired
79%
too
79%
back
78%
dreams
78%
left
78%
makeup
78%
making
78%
nothing
78%
only
78%
this
78%
well
78%
being
77%
eyes
77%
mom
77%
off
77%
sellin
77%
shine
77%
wishes
77%
are
76%
come
76%
late
76%
misery
76%
queen
76%
wanna
76%
friends
75%
like
75%
piss
75%
since
75%
brighter
74%
just
74%
stars
74%
side
73%
they
73%
way
73%
Honey
72%
still
72%
pageant
71%
her
70%
I'll
70%
shiny
70%
tiny
70%
under
70%
bleachers
69%
met
67%
with
67%
screen's
66%
damn
65%
guess
65%
I'd
64%
lark
64%
anything
63%
buy
63%
schemes
63%
show
63%
shined
62%
Tupelo
62%
from
60%
prom
59%
soul
59%
skipping
58%
won't
53%
calmer
48%
brigher
10%
samw
10%

Score Distribution

Percentile by Number Answered

Percent of People with Each Score

Your Score History

You have not taken this quiz